000 00527nam a22001937a 4500
005 20241106124458.0
010 _aENG-142585
020 _c450.00
_a978938770748
035 _aEN-126117
037 _bDBAD
082 _aN
_2First
100 _aElangovan
_973748
245 _aAlamaki/
_cBy Elangovan
250 _aFirst
260 _aChennai
_bZero Degree Publishing
_c2018
270 _bChennai
_aG4,Govardan, nno.47, Dr. Ranga Road,Mylapore
_e600004
_k9840065000
300 _a255p.
_c22cm(Pb)
942 _2ddc
_cEN
_hN
_mELA
999 _c206909
_d206909